Flags with Arabic Script - Statistics

General Stats
  • This quiz has been taken 132 times
  • The average score is 6 of 6
Answer Stats
Picture Answer % Correct
Iran
98%
Saudi Arabia
98%
Afghanistan
96%
Egypt
96%
Iraq
96%
Brunei
89%
No matching quizzes found
Score Distribution
Percent of People with Each Score
Percentile by Number Answered
Your Score History
You have not taken this quiz